000 00522nam a2200193Ia 4500
005 20250508152240.0
008 008 250505s9999 xx 000 0 eng d
037 _aTextual
040 _aFEDL
_beng
_cFEDL
041 _aeng
_2eng
084 _a330.4, ROB
_qFEDL
100 _aRobertson Dennis H.
245 0 _aLectures on economic principles. Vol 1
260 _aLondon, UK
_bStaples Press
_c1957
300 _a172p.
650 _aEconomics
942 _cTEXL
_h330.4, ROB
999 _c1335288
_d1335288